Fr. Conceicao Rodrigues College of Engineering

Core Banking solution:Evaluation of security and controls (Record no. 25491)

MARC details
000 -LEADER
fixed length control field 00400nam a2200169Ia 4500
082 ## - DEWEY DECIMAL CLASSIFICATION NUMBER
Classification number 5.8
Item number SRI
100 ## - MAIN ENTRY--PERSONAL NAME
Personal name Sriram/Revathy M
245 ## - TITLE STATEMENT
Title Core Banking solution:Evaluation of security and controls
260 ## - PUBLICATION, DISTRIBUTION, ETC.
Name of publisher, distributor, etc. Prentice -Hall of India
Date of publication, distribution, etc. 2008
366 ## - TRADE AVAILABILITY INFORMATION
Publishers's discount category 25
300 ## - PHYSICAL DESCRIPTION
Extent 277
546 ## - LANGUAGE NOTE
Language note ENGLISH
-- PAMPHALETS
650 ## - SUBJECT ADDED ENTRY--TOPICAL TERM
Topical term or geographic name entry element Security
654 ## - SUBJECT ADDED ENTRY--FACETED TOPICAL TERMS
Focus term core banking
942 ## - ADDED ENTRY ELEMENTS (KOHA)
Koha item type BOOK
Holdings
Withdrawn status Lost status Damaged status Not for loan Collection Home library Current library Date acquired Source of acquisition Cost, normal purchase price Inventory number Total Checkouts Full call number Barcode Date last seen Cost, replacement price Price effective from Koha item type
        CRC Fr. Agnel's C.Rodrigues College of Engineering Fr. Agnel's C.Rodrigues College of Engineering 17/03/2023 Allied Publishers 206.25 354 dt 30/04/2010   5.8 SRI 20654 17/03/2023 275.00   BOOK